00989cam 22002891 4500001000800000005001700008008004100025035002100066906004500087010001700132040001800149043001200167050001600179082001200195100004100207245009000248260003500338300008600373504004100459651002800500651003000528650001900558650001700577700002500594991005500619099002500674453278219951124144242.6711124s1965 nyuabef b 000 0 eng  9(DLC) 65022962 a7bcbccorignewdueocipf19gy-gencatlg a 65022962  aDLCcDLCdDLC ae------00aCB351b.R4600a914.0311 aRice, David Talbot,d1903-1972,eed.14aThe dawn of European civilization:bthe Dark Ages.cTexts by David Oates [and others] aNew York,bMcGraw-Hillc[1965] a360 p.billus., facsims., geneal. tables, maps, plans, plates (part col.)c36 cm. aIncludes bibliographical references. 0aCivilization, Medieval. 0aEuropexHistoryy392-814. 0aArt, Medieval. 0aMiddle Ages.1 aOates, David,d1927- bc-GenCollhCB351i.R46p00015089209tCopy 1wBOOKS arice-dawn-1072299086